Responses for Show #7932 - Tuesday, February 19, 2019

Contestants

[<< previous game]

Dana Wayne, an educator from North Hollywood, California

Matt Masich, a writer and editor from Denver, Colorado

Rachel Fabi, a professor of public health and bioethics from Syracuse, New York (whose 1-day cash winnings total $8,400)

[next game >>]

Jeopardy! Round responses

ALEX' BUCKET LIST
EATING VERBS
WHAT'S HAPPENING THIS MONTH?
OSCAR RECORDS
(Alex: Remember, the Academy Awards are this weekend.)
MY GOD
IT'S FULL OF STORES
    $200 26
Easter Island

Dana
    $200 1
digest

Dana
    $200 21
April

Dana
    $200 11
Italy

Dana
    $200 6
wine

Matt
    $200 16
(Rachel: What is Office Depot?)

Staples

RachelMatt
    $400 27
Australia

Matt
    $400 2
graze

Dana
    $400 22
October

Matt
    $400 12
Cinematography

Matt
    $400 7
the Maori

Dana
    $400 17
Banana Republic

Rachel
    $600 3
scarf

Rachel
    $600 23
December

Matt
    $1,400 13
thank you

Matt
    $600 8
Pluto

Matt
    $600 18
Forever 21

Matt
    $800 29
(Alex: That city is the capital of Tibet, [*].)
[The end-of-round signal sounds.]

Lhasa

Triple Stumper
    $800 4
relish

Matt
    $800 24
(Dana: What is November?)
...
(Alex: With less than a minute.)

May

MattDana
    $800 14
Christopher Plummer

Dana
    $800 9
Babylon

Dana
    $800 19
Foot Locker

Rachel
    $1000 28
Iguazu Falls

Dana
    $1000 5
gnaw

Rachel
    $1000 25
January

Dana
    $1000 15
Bob Hope

Matt
    $1000 10
(Dana: Who is Baltor?)

Balder

MattDana
    $1000 20
GNC

Rachel

Scores at the first commercial break (after clue 15):

Rachel Matt Dana
$1,600 $5,400 $1,800

Scores at the end of the Jeopardy! Round:

Rachel Matt Dana
$3,600 $8,400 $3,400

Double Jeopardy! Round responses

IT'S TWOSDAY!
McPEOPLE
AMERICAN LITERATURE
THAT'S A CLOWN CATEGORY
PARIS POTPOURRI
CROSSWORD CLUES "K"
    $400 26
champagne and orange juice

Rachel
    $400 10
(John) McCain

Rachel
    $400 11
General Sherman

Dana
    $400 16
Krusty the Clown

Dana
    $400 21
the Seine

Dana
    $400 1
Kremlin

Matt
    $800 27
(Matt: It's the, uh, Labour and Tories.)
...
(Alex: You had--you didn't phrase it in the form of a question, Matt. That's why I ruled against you.)

Labour and Conservative

RachelMatt
    $800 9
McDonald

Rachel
    $1,800 12
Glinda

Dana
    $800 17
It

Matt
    $800 22
Juliet

Dana
    $800 2
karma

Rachel
    $1200 28
bread and fish

Rachel
    $1200 6
McClellan

Matt
    $1200 13
Tennessee Williams

Matt
    $1200 18
(Alex: Talking about [*] in baseball.)

the Negro Leagues

Triple Stumper
    $1200 23
Paris Hilton

Dana
    $1200 3
knickers

Dana
    $1600 29
Bactrians

Matt
    $1600 7
(James) McGill

Rachel
    $1600 14
Mars

Dana
    $1600 20
Baskets

Dana
    $1600 24
(Rachel: What is talc?)
(Matt: What is chalk?)

gypsum

RachelMatt
Triple Stumper
    $1600 4
kudzu

Dana
    $2000 30
Cancer and Scorpio

Rachel
    $2,000 8
(Rachel: Who are the... Mc...)
(Alex: You're right so far, but you've run out of time, unfortunately. It's [*]. The Hatfields and [*].)

the McCoys

Rachel
    $2000 15
the Salinas Valley

Triple Stumper
    $2000 19
sad

Rachel
    $2000 25
Priam

Triple Stumper
    $2000 5
kangaroo

Matt

Scores at the end of the Double Jeopardy! Round:

Rachel Matt Dana
$10,000 $13,200 $14,400

[wagering suggestions for these scores]

Final Jeopardy! Round responses

BROADWAY MUSICALS
(Alex: And the nursery rhyme: "London Bridge is Falling Down".)
RachelWhat is All fall down?
$4,400
MattWhat is My Fair Lady
$10,799
DanaWhat is My Fair Lady?
$12,001
My Fair Lady

Final scores:

Rachel Matt Dana
$5,600 $23,999 $26,401
3rd place: $1,000 2nd place: $2,000 New champion: $26,401

Game dynamics:

Coryat scores:

Rachel Matt Dana
$12,000 $12,400 $13,400
14 R,
3 W
(including 1 DD)
19 R
(including 1 DD),
2 W
20 R
(including 1 DD),
2 W

Combined Coryat: $37,800

[game clues] [game scores] [suggest correction]

Game tape date: 2019-01-16
The J! Archive is created by fans, for fans. Scraping, republication, monetization, and malicious use prohibited; this site may use cookies and collect identifying information. See terms. The Jeopardy! game show and all elements thereof, including but not limited to copyright and trademark thereto, are the property of Jeopardy Productions, Inc. and are protected under law. This website is not affiliated with, sponsored by, or operated by Jeopardy Productions, Inc. Join the discussion at JBoard.tv.